Právna analýza zmluvy o obchodnom zastúpení pred novelou 500/2001 Z.z. a po novele s účinnosťou od 1. januára 2002
Salvato in:
| Autore principale: | |
|---|---|
| Natura: | Capitolo di libro |
| Lingua: | slovacco |
| Tags: |
Nessun Tag, puoi essere il primo ad aggiungerne!!
|
MARC
| LEADER | 00000naa$a2200000$$$4500 | ||
|---|---|---|---|
| 001 | 0066719 | ||
| 005 | 20240502071807.7 | ||
| 041 | 0 | |a slo | |
| 044 | |a SK | ||
| 245 | 1 | 0 | |a Právna analýza zmluvy o obchodnom zastúpení pred novelou 500/2001 Z.z. a po novele s účinnosťou od 1. januára 2002 |c Michaela Klenová |
| 100 | 1 | |a Klenová, Michaela | |